| 000 | 00698cam a2200217 a 4500 | ||
|---|---|---|---|
| 001 | 000010021 | ||
| 005 | 20200929161815.0 | ||
| 008 | 800517s1976 mau 001 0 spa | ||
| 040 |
_aDO-SdBNP _bspa _cLC _dBNPHU |
||
| 082 |
_aPR861.44 _bZ35L |
||
| 100 | 1 |
_aZapata Acosta, Ramon. _96868 |
|
| 245 | 1 | 4 |
_aLas luces invitadas / _cRamón Zapata Acosta. |
| 260 |
_aBoston : _bFlorentia Publishers, _c1976. |
||
| 300 |
_a73 p. ; _c19 cm. |
||
| 490 | 1 | _aPoesía Contemporánea Puertorriqueña | |
| 650 | 4 |
_aPoesía puertorriqueña _91015 |
|
| 650 | 4 |
_aLiteratura puertorriqueña _9250 |
|
| 830 | 0 |
_aPoesía Contemporánea Puertorriqueña _924967 |
|
| 910 | _aCatalogación por copia / LC | ||
| 049 | _aBNGR | ||
| 999 |
_c9780 _d9780 |
||